00668nam a22001937a 4500003001100000005001700011008004100028020001800069040003900087041000800126082001800134100002000152245008700172260006300259300005500322490002800377650003500405650003400440LK-CoMWRAF20231102140625.0231006b2007 |||||||| |||| 00| 0 eng d a9789555801119 aLK-CoMWRAFdLK-CoMWRAFeLK-CoMWRAF aeng a 338.954bBAS aBastian, Sunil. aThe politics of foreign aid in Sri Lanka: bpromoting markets and supporting peace aColombo: bInternational Centre for Ethnic Studies, c2007 avii, 209 p. : ill. ; 23 cm.bBibliography included a ICES Sri Lanka Program aECONOMIC ASSISTANCE-Sri Lanka  aEconomic conditions-Sri Lanka